Jasón y los argonautas /

La nave más veloz que pudiera cruzar las aguas del mar. La tripulación compuesta por los héroes más destacados de toda Grecia. Una piel de carnero que no era de cuero ni pelo, sino de oro puro. Dos toros feroces que arrojaban fuego por las narices. Un dragón aterrador capaz de engullir a un hombre d...

Descripción completa

Guardado en:
Autor Principal: Blanco, Eduardo M.; adapt.
Otros Autores: Senonez, Oscar; il.
Formato: Libro
Idioma:Undetermined
Publicado: Buenos Aires : Santillana, 2011.
Edición:1a ed.
Series:Mis primeros clásicos de la mitología universal ; 11
Materias:
Etiquetas: Agregar Etiqueta
Sin Etiquetas, Sea el primero en etiquetar este registro!
LEADER 01407nam a22002295a 4500
001 CEM.cems021075
008 240424s2011####ag############000#0#und#d
005 20240424183849.0
245 1 0 |a Jasón y los argonautas /  |c Adaptado por Eduardo M. Blanco ; ilustrado por Oscar Senonez. 
250 |a 1a ed. 
260 |a Buenos Aires :  |b Santillana,  |c 2011. 
300 |a 48 p. 
490 1 |a Mis primeros clásicos de la mitología universal ;  |v 11 
520 |a La nave más veloz que pudiera cruzar las aguas del mar. La tripulación compuesta por los héroes más destacados de toda Grecia. Una piel de carnero que no era de cuero ni pelo, sino de oro puro. Dos toros feroces que arrojaban fuego por las narices. Un dragón aterrador capaz de engullir a un hombre de un solo bocado. Una hechicera enamorada y peligrosa. Además ¡me olvidaba!, el héroe que supo enfrentar uno de los desafíos más difíciles y fabulosos que recuerda la mitología griega: Jasón. ¿Te parecen estos ingredientes lo suficientemente buenos como para elaborar una historia inolvidable? ¡Entonces no te pierdas las aventuras de Jasón y los argonautas! 
020 |a 9789870419617 
100 1 |a Blanco, Eduardo M.; adapt. 
700 1 |a Senonez, Oscar; il. 
653 |a Mitología 
653 |a Mitología griega 
653 |a Mitos 
653 |a Literatura griega 
859 |a CEMS  |b BIB. CEMS - Inicial y Primaria  |h 889  |i B598-3  |k IP  |p 6560  |t Ej.1